Cyclists who won all 3 Grand Tours - Statistics

General Stats
  • This quiz has been taken 153 times
  • The average score is 5 of 7
Answer Stats
Year Achieved Giro Tour Vuelta Rider % Correct
2018 1x (2018) 4x (2013, 2015, 2016, 2017) 1x (2017) Christopher Froome
95%
1973 5x (1968, 1970, 1972, 1973, 1974) 5x (1969, 1970, 1971, 1972, 1974) 1x (1973) Eddy Merckx
92%
2014 2x (2013, 2016) 1x (2014) 1x (2010) Vincenzo Nibali
87%
2008 2x (2008, 2015) 2x (2007, 2009) 3x (2008, 2012, 2014) Alberto Contador
86%
1980 3x (1980, 1982, 1985) 5x (1978, 1979, 1981, 1982, 1985) 2x (1978, 1983) Bernard Hinault
83%
1963 2x (1960, 1964) 5x (1957, 1961, 1962, 1963, 1964) 1x (1963) Jacques Anquetil
65%
1968 3x (1967, 1969, 1976) 1x (1965) 1x (1968) Felice Gimondi
31%
No matching quizzes found
Score Distribution
Percent of People with Each Score
Percentile by Number Answered
Your Score History
You have not taken this quiz